000 00237nam a2200109Ia 4500
008 190216s9999||||xx |||||||||||||| ||und||
100 _aHarrold Robbins
245 0 _aScandal
260 _bPenguin Books
650 _aEnglish
942 _cBK
999 _c12758
_d12758